Guess 30 Atalanta footballers by image - Statistics

General Stats
  • This quiz has been taken 138 times
  • The average score is 19 of 30
Answer Stats
Picture Answer % Correct
Dejan Kulusevski
88%
Duvan Zapata
88%
Ademola Lookman
87%
Robin Gosens
86%
Simon Kjaer
85%
Cristian Romero
84%
Luis Muriel
83%
Alejandro Gómez
80%
Josip Ilicic
80%
Marten de Roon
78%
Filippo Inzaghi
71%
Alessandro Bastoni
68%
Teun Koopmeiners
65%
Franck Kessie
64%
Leonardo Spinazzola
63%
Mario Pasalic
63%
Bryan Cristante
60%
Christian Vieri
59%
Merih Demiral
56%
Ruslan Malinovskyi
55%
Timothy Castagne
54%
Joakim Maehle
53%
Gianluca Mancini
51%
Riccardo Montolivo
50%
Giacomo Bonaventura
49%
Remo Freuler
44%
Rafael Toloi
42%
Claudio Caniggia
25%
Gaetano Scirea
20%
Roberto Donadoni
20%
No matching quizzes found
Score Distribution
Percent of People with Each Score
Percentile by Number Answered
Your Score History
You have not taken this quiz